1577 1062 1103 1188 1565 1881 1694 1492 1559 1931 1447 1241 1782 1502 1225 1949 1651 1824 1898 1346 1987 1352 1626 1319 1021 1759 1009 1450 1955 1929 1118 1983 1889 1525 1818 1248 1099 1485 1444 1911 1054 1934 1670 1856 1336 1804 1661 1225 1592 1335 1621 1213 1184 1445 1503 1094 1025 1622 1412 1319 1261 1203 1910 1471 1177 1912 1391 1519 1824 1204 1320 1885 1327 1041 1984 1487 1484 1165 1118 1896 1444 1095 1933 1410 1578 1084 1913 1244 1475 1979 1646 1703 1156 1523 1505 1571 1226 1784 1280 BCNSPRNW ULIB Ver.6.0+V

เปลี่ยนเป็นภาษาไทย

Change to English
 แสดงรายละเอียดบรรณานุกรม
  กลับหน้าหลัก

Brief Record : Get Marc (ISO 2709) : E-mail record : QR code < ปิดหน้าต่าง
LEADER : 00000nam 2200000uu 4500
001    13399128563
003     ULIB
008    020711s2566 th a 000 0 tha d
060    ^aQZ365^bด422ม
100    ^aดารนี จินดาพล
245    ^aมองมะเร็งผ่านชีวิต...ในมือหมอ : เรื่องเล่าจากประสบการณ์ของตนเอง
250    ^aพิมพ์ครั้งที่ 1
260    ^aกรุงเทพฯ :^bชมรมบำนาญในรั้วพระราชวังพญาไท,^c2566
300    ^a40 หน้า;^c19 ซม.
650    ^aมะเร็ง
945    ^p0^l0^i010308
945    ^p0^l0^i010309
999    ^aประนอม เกษจรัล
รายการนี้ยังไม่มีแท็ก
คุณยังไม่ได้ล็อกอิน คุณสามารถมีกิจกรรมร่วมกับเว็บไซต์ได้ แต่ต้องล็อกอินก่อน ::
  ล็อกอิน

รายการสื่อสารสนเทศ

ลำดับที่ ประเภท เลขเรียก/บาร์โค้ด สถานที่ สถานะ
1. วิทยาศาสตร์การแพทย์ และสุขภาพ
หนังสือสำรอง
สถานะ=หนังสือสำรอง
QZ365 ด422ม ฉ.1 
  Barcode: 010308
ห้องสมุดวิทยาเขตสวรรค์ประชารักษ์
►หนังสือทั่วไป
บนชั้น
2. วิทยาศาสตร์การแพทย์ และสุขภาพ
วิทยาศาสตร์การแพทย์ และสุขภาพ
QZ365 ด422ม ฉ.2 
  Barcode: 010309
ห้องสมุดวิทยาเขตสวรรค์ประชารักษ์
►หนังสือทั่วไป
บนชั้น

รายการใกล้เคียง
    หัวเรื่อง [มะเร็ง]

BibComment


ยังไม่เคยถูกคอมเมนท์

คอมเมนท์ทรัพยากรรายการนี้
  คอมเมนท์: มองมะเร็งผ่านชีว..


 Copyright 2026. Bcnsprnw @Library